Vista normal
Vista MARC
Entrada Topical Term
Número de registros utilizados en: 10
001 - CONTROL NUMBER
- control field: 22077
003 - CONTROL NUMBER IDENTIFIER
- control field: OSt
005 - DATE AND TIME OF LATEST TRANSACTION
- control field: 20230915230835.0
008 - FIXED-LENGTH DATA ELEMENTS
- fixed length control field: 230915|| aca||aabn | a|a d
040 ## - CATALOGING SOURCE
- Original cataloging agency: OSt
- Transcribing agency: OSt
150 ## - HEADING--TOPICAL TERM
- Topical term or geographic name entry element: CONSERVACION DE ALIMENTOS
670 ## - SOURCE DATA FOUND
- Source citation: Work cat.: (OSt)25575: Calderon Garcia, Tomás 22075, La irradiación de alimentos : , 2000